000 00594nam a22002177a 4500
999 _c3572
_d3572
003 URS
005 20220114142545.0
008 200121s2007 a|||| |||| 00| 0 eng d
020 _a9781592575879
040 _cURS
_beng
_drda
050 1 4 _aRA 780.5
_b.S8771 2007
100 _aStone, Victoria Jordan
245 1 0 _aMassage illustrated
_cVictoria Jordan Stone, Bob Shell.
260 _aUSA:
_bAlpha Books;
_cc[2007]
300 _axii, 210 pages
_bwith illustrations
_c23 cm
504 _aIncludes index.
650 _aMassage
650 _aTheraphy
700 _aShell, Bob
942 _2lcc
_cR